FC Barcelona Squad 2016-2017 - Statistics

General Stats
  • This quiz has been taken 3,911 times
  • The average score is 17 of 23
Answer Stats
Nbr Post Nationality Player % Correct
10 FW Argentina Lionel Messi
99%
11 FW Brazil Neymar
98%
6 MF Spain Denis Suarez
97%
9 FW Uruguay Luis Suarez
97%
8 MF Spain Andrès Iniesta
95%
1 GK Germany Marc-André Ter Stegen
95%
3 DF Spain Gerard Piqué
94%
4 MF Croatia Ivan Rakitic
92%
5 MF Spain Sergio Busquets
86%
7 MF Turkey Arda Turan
82%
14 DF Argentina Javier Mascherano
79%
23 DF France Samuel Umtiti
76%
18 DF Spain Jordi Alba
75%
- Coach Spain Luis Enrique
69%
20 MF Spain Sergi Roberto
64%
21 MF Portugal André Gomes
60%
13 GK Netherlands Jasper Cillessen
60%
12 MF Brazil Rafinha
60%
24 DF France Jérémy Mathieu
43%
19 DF France Lucas Digne
43%
17 FW Spain Paco Alcacer
35%
22 DF Spain Aleix Vidal
32%
25 GK Spain Jordi Masip
27%
No matching quizzes found
Score Distribution
Percent of People with Each Score
Percentile by Number Answered
Your Score History
You have not taken this quiz